Perspektívy podniku a marketingu

Enregistré dans:
Détails bibliographiques
Auteur principal: Kita, Jaroslav
Format: Chapitre de livre
Langue:slovaque
Tags: Ajouter un tag
Pas de tags, Soyez le premier à ajouter un tag!

MARC

LEADER 00000naa$a2200000$$$4500
001 0157166
005 20220606121005.8
041 0 |a slo 
044 |a SK 
245 1 0 |a Perspektívy podniku a marketingu  |c Jaroslav Kita 
100 1 |a Kita, Jaroslav